El libro de los romances / (Record no. 11865)

MARC details
000 -LEADER
campo de control de longitud fija 00775nam a22002415i 4500
001 - NÚMERO DE CONTROL
campo de control 11865
003 - IDENTIFICADOR DE NÚMERO DE CONTROL
campo de control ES-MaACL
005 - FECHA Y HORA DE LA ÚLTIMA TRANSACCIÓN
campo de control 20250827063201.0
007 - CAMPO FIJO DE DESCRIPCIÓN FÍSICA--INFORMACIÓN GENERAL
campo de control de longitud fija t|
008 - DATOS DE LONGITUD FIJA--INFORMACIÓN GENERAL
campo de control de longitud fija 960320s1995 sp ||||0| spa j
020 ## - NÚMERO INTERNACIONAL ESTÁNDAR DEL LIBRO
Número Internacional Estándar del Libro 84-239-9126-1
040 ## - FUENTE DE CATALOGACIÓN
Centro catalogador/agencia de origen M-BN
Lengua de catalogación spa
Centro/agencia transcriptor M-BN
080 ## - NÚMERO DE LA CLASIFICACIÓN DECIMAL UNIVERSAL
Número de la Clasificación Decimal Universal 860-14"19"
100 1# - ENTRADA PRINCIPAL--NOMBRE DE PERSONA
Nombre de persona Campmany, Jaime,
Fechas asociadas al nombre 1925-2005
9 (RLIN) 34187
245 13 - MENCIÓN DEL TÍTULO
Título El libro de los romances /
Mención de responsabilidad, etc. Jaime Campmany ; prólogo de Federico Jiménez Losantos.
260 ## - PUBLICACIÓN, DISTRIBUCIÓN, ETC.
Lugar de publicación, distribución, etc. Madrid :
Nombre del editor, distribuidor, etc. Espasa-Calpe,
Fecha de publicación, distribución, etc. 1995.
300 ## - DESCRIPCIÓN FÍSICA
Extensión 249 p., [8] p. de lám ;
Dimensiones 18 cm.
490 1# - MENCIÓN DE SERIE
Mención de serie Grandes de bolsillo ;
Designación de volumen o secuencia 21
700 0# - ENTRADA AGREGADA--NOMBRE PERSONAL
Nombre de persona Jiménez Losantos, Federico,
Fechas asociadas al nombre 1951-
9 (RLIN) 66551
830 0# - PUNTO DE ACCESO ADICIONAL DE SERIE-TÍTULO UNIFORME
Título uniforme Grandes de bolsillo ;
Designación de volumen o secuencia 21
9 (RLIN) 228227
852 ## - LOCALIZACIÓN
Ubicación ES-MaACL
Número de control de estantería L-19229
Sublocalización o colección R.125168
Holdings
Estatus retirado Estado de pérdida Estado de daño No para préstamo Biblioteca de origen Biblioteca actual Ubicación en estantería Fecha de adquisición Fuente de adquisición Total de préstamos Signatura topográfica completa Código de barras Visto por última vez Precio de reemplazo Tipo de ítem Koha
        Biblioteca del Ateneo de Madrid Biblioteca del Ateneo de Madrid Depósito 2 17/01/2008     L-19229 1012092 23/02/2023 23/02/2023 Libro impreso